Texas Quiz by Letter - A - Statistics

General Stats
  • This quiz has been taken 15 times
  • The average score is 8 of 10
Answer Stats
Question Answer % Correct
What Major League Baseball team is in Houston? Astros
100%
What is the capital of Texas? Austin
100%
A historic Spanish mission and fortress in San Antonio that you should never forget The Alamo
100%
What animal, known for their bony shell, can you find throughout the state? Armadillo
93%
What do you call people who went to Texas A&M? Aggies
87%
George Strait is going up here by morning, up from San Antone Amarillo
87%
What Stadium do the Dallas Cowboys play in? AT&T Stadium
73%
A theme park in Houston that operated from 1968-2005 till it was sold to Six Flags? Astroworld
53%
What is the largest high school in Texas? Allen
40%
What Texas city was singer Willie Nelson born? Abbott
27%
No matching quizzes found
Score Distribution
Percent of People with Each Score
Percentile by Number Answered
Your Score History
You have not taken this quiz